000 00450pab a2200169 454500
008 180718b2011 xxu||||| |||| 00| 0 eng d
100 _aMihm, J. Christopher
245 _aVirtual reorganization: Results mapping and collaboration
260 _c2011
300 _ap.42-43.
362 _aSummer
650 _aAdministrative reform - United States
650 _aAdministrative reform
773 _aPublic Manager
908 _aN
909 _a92467
999 _c92467
_d92467